Fundamentals of Signals and systems (Record no. 181153)

000 -LEADER
fixed length control field 00419nam a2200133Ia 4500
008 - FIXED-LENGTH DATA ELEMENTS--GENERAL INFORMATION
fixed length control field 220217s9999||||xx |||||||||||||| ||und||
020 ## - INTERNATIONAL STANDARD BOOK NUMBER
International Standard Book Number 978-81-2614-608-6
082 ## - DEWEY DECIMAL CLASSIFICATION NUMBER
Classification number 621.382 2 CHA
100 ## - MAIN ENTRY--PERSONAL NAME
Personal name Cha, Philip, D and Molinder, John
9 (RLIN) 7548
245 #0 - TITLE STATEMENT
Title Fundamentals of Signals and systems
260 ## - PUBLICATION, DISTRIBUTION, ETC.
Place of publication, distribution, etc. Elsevier Academic press
Name of publisher, distributor, etc. New Delhi
Date of publication, distribution, etc. 2009
300 ## - PHYSICAL DESCRIPTION
Extent XXVII,431p.
Other physical details 495
650 ## - SUBJECT ADDED ENTRY--TOPICAL TERM
Topical term or geographic name entry element SIGNAL PROCESSING
9 (RLIN) 719
Holdings
Withdrawn status Lost status Damaged status Not for loan Collection code Home library Current library Date acquired Full call number Barcode Date last seen Price effective from Koha item type
        Electronics and Communication Engineering Central Library Central Library 02/18/2022 621.382 2 CHA 16342 02/18/2022 02/18/2022 Books

Powered by Koha